Women and party politics in peninsular Malaysia /

Bibliographic Details
Main Author: Dancz, Virginia H.
Format: Book
Language:English
Published: Singapore ; New York : Oxford University Press, 1987.
Series:East Asian social science monographs.
Subjects:

MARC

Tag First Indicator Second Indicator Subfields
LEADER 00000cam a2200000 a 4500
001 in00000024837
005 20151007054422.0
008 870729s1987 si b 00110 eng d
020 |a 0195826892 :  |c $29.95 
035 |a (OCoLC)16312636 
035 |9 AAB4995AM 
040 |a PBU  |c PBU  |d IPL  |d TXA  |d UtOrBLW 
043 |a am----- 
049 |a TXAM  |c [A11109628] 
050 4 |a HQ1236.5.M34  |b D36 1987 
100 1 |a Dancz, Virginia H. 
245 1 0 |a Women and party politics in peninsular Malaysia /  |c Virginia H. Dancz. 
264 1 |a Singapore ;  |a New York :  |b Oxford University Press,  |c 1987. 
300 |a xxii, 268 pages ;  |c 26 cm. 
336 |a text  |b txt  |2 rdacontent 
337 |a unmediated  |b n  |2 rdamedia 
338 |a volume  |b nc  |2 rdacarrier 
490 1 |a East Asian social science monographs 
500 |a Based on the author's thesis (Ph.D.--Brandeis University, 1981) under the title: Women's auxiliaries and party politics in Western Malaysia. 
504 |a Bibliography: pages [241]-262. 
500 |a Includes index. 
650 0 |a Women  |x Political activity  |z Malaysia  |z Malaya. 
651 0 |a Malaya  |x Politics and government. 
650 0 |a Political parties  |z Malaysia  |z Malaya. 
740 0 |a Women's auxiliaries and party politics in Western Malaysia. 
830 0 |a East Asian social science monographs. 
999 |a MARS 
999 f f |s cd6881c5-8cd6-367a-be51-51817d6b5b32  |i 4b97e2ec-6ad8-3e03-92de-5cb3fb443139  |t 0 
952 f f |p ric  |a Texas A&M University  |b Rellis Campus  |c Joint Library Facility  |d Remote Storage  |t 0  |e HQ1236.5.M34 D36 1987  |h Library of Congress classification  |i unmediated -- volume  |m A14811109628 
998 f f |a HQ1236.5.M34 D36 1987  |t 0  |l Remote Storage